LEADER 01008nam0-22003011--450- 001 990009096110403321 005 20090929144252.0 035 $a000909611 035 $aFED01000909611 035 $a(Aleph)000909611FED01 035 $a000909611 100 $a20090929e18721968km-y0itay50------ba 101 0 $ager 102 $aDE 105 $a--------001yy 200 1 $aGeschichte der Ludwig-Maximilians-Universität in Ingolstadt, Landshut, München$ezur Festfeier ihres 400 jährigen Bestehens im Auftr. des akadem. Senats verf.$fKarl von Prantl 210 $aAalen$cScientia Verl.$d1968- 215 $a2 v.$din 8° 300 $aRistampa dell'ed. München 1872 676 $a378.144$v12 rid. 700 1$aPrantl,$bKarl von$0204763 801 0$aIT$bUNINA$gRICA$2UNIMARC 901 $aBK 912 $a990009096110403321 952 $aXXI B 279 (1-2)$b87351$fFGBC 959 $aFGBC 996 $aGeschichte der Ludwig-Maximilians-Universität in Ingolstadt, Landshut, München$9785105 997 $aUNINA LEADER 01345nam 2200409 450 001 9910398037103321 005 20200720105053.0 035 $a(CKB)5310000000015649 035 $a(MiAaPQ)EBC6771476 035 $a(EXLCZ)995310000000015649 100 $a20200720d2019 uy 0 101 0 $aspa 135 $aurcnu|||||||| 181 $ctxt$2rdacontent/spa 182 $cc$2rdamedia/spa 183 $acr$2rdacarrier/spa 200 00$aAportaciones sobre justicia en delitos de especial relevancia para las mujeres /$fdirectora Helena Soleto ; editora Melina Juan 210 1$aMadrid :$cDykinson,$d2019. 215 $a1 recurso en li?nea (225 pa?ginas) 311 $a84-1324-316-5 606 $aWomen$xLegal status, laws, etc 606 $aWomen's rights 606 $aMujeres$xEstatus legal, leyes, etc 606 $aDerechos de las mujeres 608 $aLibros electronicos. 615 0$aWomen$xLegal status, laws, etc. 615 0$aWomen's rights. 615 4$aMujeres$xEstatus legal, leyes, etc. 615 4$aDerechos de las mujeres. 676 $a346.0134 702 $aSoleto$b Helena 702 $aJuan$b Melina 801 0$bFINmELB 906 $aBOOK 912 $a9910398037103321 996 $aAportaciones sobre justicia en delitos de especial relevancia para las mujeres$92063526 997 $aUNINA